000 00445nam a2200181Ia 4500
003 GCL
008 140319s9999 xx 000 0 aRus d
040 _aGCL /
_cGCL
082 0 4 _a861
_bL E
100 1 _aLORCA, FEDERICO
245 1 0 _aEPISTOLARIO II /
_cLORCA, FEDERICO
260 _a[S.N] :
_bALIANZA EDITORIAL ،
_c1983
300 _a198 P
650 0 4 _aLITERATURE
650 0 4 _aPOEMS
650 0 4 _aSPANISH LITERATURE
942 _2ddc
_cBK
999 _c10749
_d10749